Click a Chuck Quiz Stats

 Plays Quiz Updated Feb 13, 2013

Also try: Click a John
Challenge
Share
Tweet
Embed
Score 0/20 Timer 03:00
4 Plays Today
% Correct
Lindbergh
88.4%
Schulz
87%
Chaplin
86.9%
de Gaulle
84.5%
Grey
76.2%
Goodyear
76%
Bronson
75.2%
Liston
60.5%
Parker
56.4%
Watts
51.9%
% Correct
Macintosh
49.4%
Perrault
46.6%
Stuart
43.3%
Laughton
43.1%
Babbage
35.4%
Dodgson
26.9%
Martel
25.5%
Blondin
25.3%
Goodnight
17.7%
Darrow
14.5%

You're not logged in!

Compare scores with friends on all Sporcle quizzes.
Join for Free
OR
Log In

You Might Also Like...

Show Comments

Extras

Top Quizzes Today


Score Distribution

Your Account Isn't Verified!

In order to create a playlist on Sporcle, you need to verify the email address you used during registration. Go to your Sporcle Settings to finish the process.

Report this User

Report this user for behavior that violates our Community Guidelines.

Details: